Quo vadis /

The definitive version of the classic novel about ancient Rome during the reign of Nero.

Bibliographic Details
Uniform Title:Quo vadis (Motion picture : 1951)
Corporate Authors: Loew's Incorporated, MGM/UA Home Video (Firm)
Other Authors: Taylor, Robert, 1911-1969, Kerr, Deborah, 1921-2007, Ustinov, Peter, LeRoy, Mervyn, 1900-1987, Sienkiewicz, Henryk, 1846-1916
Format: Video VHS
Language:English
Language Notes:Closed-captioned.
Published: Culver City, CA : MGM/UA Home Video, [1990]
Subjects:

MARC

Tag First Indicator Second Indicator Subfields
LEADER 00000cgm a2200000 a 4500
001 in00000033003
005 20151007055102.0
007 vf cbahou
008 900801p19901951cau171 g vleng d
028 4 2 |a M900276  |b MGM/UA Home Video 
035 |a (OCoLC)22165589 
035 |9 AAB7208AM 
040 |a IHI  |c IHI  |d TXA  |d UtOrBLW 
043 |a e------ 
049 |a TXAV 
090 |a PN1995.9.H5  |b Q86 1990 
130 0 |a Quo vadis (Motion picture : 1951) 
245 1 0 |a Quo vadis /  |c Loew's Incorporated ; produced by Sam Zimbalist ; directed by Mervyn Leroy ; screenplay by John Lee Mahin, S. N. Behrman and Sonya Levien. 
264 1 |a Culver City, CA :  |b MGM/UA Home Video,  |c [1990] 
300 |a 2 videocassettes (171 min.) :  |b sound, color ;  |c 1/2 in. 
336 |a two-dimensional moving image  |b tdi  |2 rdacontent 
337 |a video  |b v  |2 rdamedia 
338 |a videocassette  |b vf  |2 rdacarrier 
538 |a VHS; Dolby system on linear tracks. 
546 |a Closed-captioned. 
511 1 |a Robert Taylor, Deborah Kerr, Peter Ustinov, Patricia Laffan, Leo Genn. 
508 |a Directors of photography, Robert Surtees and William V. Skall ; editor, Ralph E. Winters ; music, Miklos Rozsa. 
500 |a Based on the novel by Henryk Sienkiewicz. 
500 |a Videocassette release of the 1951 motion picture. 
520 |a The definitive version of the classic novel about ancient Rome during the reign of Nero. 
536 |a A gift from the estate of Dwayne Elliott May, Class of '68, April 2002. 
500 |a Videorecording. 
651 0 |a Rome  |x History  |y Nero, 54-68  |x Drama. 
650 0 |a Church history  |y Primitive and early church, ca. 30-600  |x Drama. 
655 7 |a Historical films.  |2 lcgft 
655 7 |a Video recordings for the hearing impaired.  |2 lcgft 
655 0 |a Motion pictures, American. 
655 7 |a Feature films.  |2 lcgft 
700 1 |a Taylor, Robert,  |d 1911-1969. 
700 1 |a Kerr, Deborah,  |d 1921-2007. 
700 1 |a Ustinov, Peter. 
700 1 |a LeRoy, Mervyn,  |d 1900-1987. 
700 1 |a Sienkiewicz, Henryk,  |d 1846-1916.  |t Quo vadis? 
710 2 |a Loew's Incorporated. 
710 2 |a MGM/UA Home Video (Firm) 
999 |a MARS 
999 f f |s 2d01eaea-08f7-3b92-a76a-029fd917f7c1  |i 4163079c-fdf3-314f-8682-29b747d55c51  |t 0 
952 f f |p ric  |a Texas A&M University  |b Rellis Campus  |c Joint Library Facility  |d Remote Storage  |t 0  |e PN1995.9.H5 Q86 1990  |h Library of Congress classification  |i video -- videocassette  |k v.1  |m A14809773762 
952 f f |p ric  |a Texas A&M University  |b Rellis Campus  |c Joint Library Facility  |d Remote Storage  |t 0  |e PN1995.9.H5 Q86 1990  |h Library of Congress classification  |i video -- videocassette  |k v.2  |m A14813145329 
998 f f |a PN1995.9.H5 Q86 1990  |s v.1-2  |t 0  |l Remote Storage